00892nam a22002297a 450000500170000001000150001702000260003202000150005803500140007303700130008708200110010010000230011124500920013426000370022627001390026330000290040250000420043150000220047394200250049599900190052095201230053920180907115955.0 aENG-124121 a9788124606261c580.00 a8124606269 aEN-107653 bDBAD/PUB a141.45 aBanerji, Debashish aSeven quartets of becoming:ba transformational yoga psychology /cby Debashish Banerji aNew DelhibD.K. Printworldc2012 aF-395, Sudarshan Park (Metro Station : Ramesh Nagar)bNew Delhie110015k(011) 25453975,25466019l(011)25465926mdkprintworld@vsnl.net axix, 441 p.c22cm. (pbk) aBased on the diaries of Sri Aurobindo aIt includes index 2ddccENh181.45mBAN c157101d157101 001040718NFICaDBADbBNd2018-09-07eDBAD/PUBg580.00l0o181.45 BANpEN-107653r2018-09-07 00:00:00t1v580.00yEN